Normal view MARC view
  • MICROWAVE DEVICES. MICROWAVE SOURCES AND TECHNOLOGIES

Entry Topical Term

Number of records used in: 1

001 - CONTROL NUMBER

  • control field: 63138

003 - CONTROL NUMBER IDENTIFIER

  • control field: NUST

005 - DATE AND TIME OF LATEST TRANSACTION

  • control field: 20210628203051.0

008 - FIXED-LENGTH DATA ELEMENTS

  • fixed length control field: 210628|| aca||aabn | a|a d

040 ## - CATALOGING SOURCE

  • Original cataloging agency: NUST
  • Transcribing agency: NUST

150 ## - HEADING--TOPICAL TERM

  • Topical term or geographic name entry element: MICROWAVE DEVICES. MICROWAVE SOURCES AND TECHNOLOGIES

670 ## - SOURCE DATA FOUND

  • Source citation: Work cat.: (NUST): Barker, Robert.J , Schamiloglu, Edl 63137, High-power microwave sources and technologies, 2001
© 2023 Central Library, National University of Sciences and Technology. All Rights Reserved.